| 000 | 01220cam a22001934a 4500 | ||
|---|---|---|---|
| 005 | 20250605164104.0 | ||
| 008 | 250528s ||||||||||||||||||||||||d | ||
| 035 | _a17655 | ||
| 020 | _a9789606698569 | ||
| 040 |
_aGR-AtMCL _bgre _dGR-AtMCL _eAACR2 |
||
| 245 | 1 |
_aΟ Θρίαμβος της Απληστίας / Η Ελεύθερη αγορά και η κατάρρευση της παγκόσμιας οικονομίας. _nΤόμος Β' |
|
| 260 |
_bΗμερησία Α.Ε, _c2014 |
||
| 300 | _a256 | ||
| 520 | _aΜια ξεκάθαρη απάντηση στο ερώτημα γιατί τόσοι άνθρωποι αισθάνονται εξαπατημένοι, καθώς και στο πώς μπορούμε να υλοποιήσουμε μια ευημερεύουσα οικονομία και μια δίκαιη κοινωνία για το μέλλον. Από την Παγκόσμια Ανάκαμψη στην Παγκόσμια Ευημερία, Η Αναμόρφωση της Οικονομικής Επιστήμης, Προς μια Νέα Κοινωνία, Επίλογος, Σημειώσεις. | ||
| 700 | 1 |
_aStiglitz Joseph _93845 |
|
| 942 | _cBK | ||
| 999 |
_c3057 _d3057 |
||